| 000 | 01189cam a22003494a 4500 | ||
|---|---|---|---|
| 999 |
_c4059 _d4059 |
||
| 001 | 15362338 | ||
| 003 | Nust | ||
| 005 | 20170105101619.0 | ||
| 008 | 080501s2008 ii a b 001 0 eng | ||
| 010 | _a 2008306985 | ||
| 020 | _a9780670082070 | ||
| 025 | _aI-E-2008-306985; 27; 63-01 | ||
| 035 | _a(IN-NdUBS)UBS08001178 | ||
| 037 |
_bLibrary of Congress -- New Delhi Overseas Office _cRs499.00 |
||
| 040 |
_aDLC _cDLC |
||
| 042 | _alcode | ||
| 050 | 0 | 0 |
_aD862 _b.R68 2008 |
| 082 |
_a823 _bROY |
||
| 100 | 1 | _aRoy, Arundhati. | |
| 245 | 1 | 4 |
_aThe shape of the beast : _bconversations with Arundhati Roy. |
| 246 | 3 | 0 | _aBeast |
| 260 |
_aNew Delhi : _bPenguin, Viking, _c2008. |
||
| 300 |
_aix, 271 p. : _bill. ; _c22 cm. |
||
| 504 | _aIncludes bibliographical references (p. [244]-259) and index. | ||
| 600 | 1 | 0 |
_aRoy, Arundhati _vInterviews. |
| 650 | 0 |
_aWorld politics _y21st century. _942 |
|
| 650 | 0 | _aGlobalization. | |
| 650 | 0 | _aProtest movements. | |
| 906 |
_a7 _bcbc _corigode _d3 _encip _f20 _gy-gencatlg |
||
| 942 |
_2ddc _cBK |
||